000 00885nas a2200277 4500
001 BR2012005072
003 BR-BrBNA
005 20231205120827.0
007 ta
008 230509b bl.|||p| |||| 00| 00por d
040 _aBR-BrBNA
_bpor
_cBiblioteca Nacional de Agricultura
041 _a(Pt)
072 _aL73
100 1 _aBôa-Morte, M. de O.
100 1 _aOliveira, F.C.R. de
245 1 _aFrequência de neosporose em vacas abatidas oriundas da Região Norte Fluminense, estado do Rio de Janeiro, Brasil
650 _aNEOSPOROSE
650 _aVACA
650 _aINFECÇÃO
650 _aDOENÇA ANIMAL
650 _aGADO DE CORTE
650 _aGADO LEITEIRO
773 0 _tRevista Brasileira de Medicina Veterinária (Brazil)
_xISSN 0100-2430
_g(Jan-Mar 2009), v. 31(1) p. 13-18
_wBR2012005072
909 _a202311
_bLúcia
_c55
_dLúcia Elande
942 _2AGRIS
_n0
_cANA
999 _c220523
_d220523